Statistics for Largest football stadiums in the UK

Click here to take the quiz!

General Stats

  • This quiz has been taken 139 times
    (126 since last reset)
  • The average score is 10 of 52

Answer Stats

HintAnswer% Correct
75'635PLOld trafford
98%
90'000FAWembley
95%
44'742PLAnfield
76%
60'411SPFLCeltic park
63%
41'798PLStamford Bridge
62%
52'405PLSt James park
56%
39'571PLGoodison park
55%
49'000PLStadium of light
53%
36'284PLWhite hart lane
45%
42'660PLVilla park
39%
51'866SPFLHampden park
34%
39'460CPElland road
31%
60'260PLThe Emirates
29%
39'732CPHillsborough
26%
55'097PLThe Etihad
24%
50'947SPFLIbrox stadium
22%
26'850PLThe hawthorns
17%
31'700CPMolineux
17%
25'073PLSelhurst park
16%
31'312PLKing power stadium
14%
25'678CPCraven cottage
14%
27'010PLcarrow road
13%
32'505PLSt Marys stadium
13%
30'016CPSt andrews
11%
34'988CPRiverside stadium
8%
30'576CPCity ground
7%
35'345PLBoleyn ground
7%
32'500L1Ricoh arena
6%
21'401CPTurf moor
6%
31'174CPEwood park
6%
27'111L1The valley
6%
20'909PLLiberty stadium
5%
20'146L1the den
5%
33'280CPCardiff city stadium
5%
30'500CPstadium mk
5%
21'412SPFLPittodrie stadium
4%
30'311CPPortman road
3%
25'586CPKc stadium
3%
25'136PLValley parade
3%
25'023CPDW stadium
3%
24'500CPJohn Smiths stadium
3%
27'740PLBrittania stadium
2%
32'702L1Brammel lane
2%
33'597CPPride park stadium
2%
23,408CPDeepdale
2%
24'161CPMadejski stadium
1%
21'500PLVicarege road
0%
23'009L1Oakwell
0%
28'723L1Macron arena
0%
20'700L2Fratton parl
0%
20'300L2Meadow lane
0%
30'750CPAmex arena
0%

Score Distribution

Percentile by Number Answered

Percent of People with Each Score

Your Score History

You have not taken this quiz since the last reset